000 00299nam a22001337a 4500
008 170710b xxu||||| |||| 00| 0 eng d
020 _a0471485004
041 _aeng
080 _a05
100 _a23
101 _aENC
245 _aENCYCLOPEDIA OF CHEMICAL TECHNOLOGY
_cMARK,H.F
942 _2udc
_cBK
999 _c20160
_d20160